000 00952cam a22002651 4500
001 sa 67003716
003 DLC
005 20260227112340.0
008 881102m19591999ii b 000 0 hino
010 _asa 67003716
035 _a(OCoLC)23541636
040 _aDLC
_cMiU
_dNRU
_dDLC
042 _apremarc
050 0 0 _aPK2031
_b.V28
100 1 _aVarmā, Dhīrendra,
_d1897-1973.
_eed.
245 1 0 _aHindī sāhitya.
_cSampd̄aka Dhīrendra Varmā (pradhāna) [tathā] Vrjeśvara Varmā (sahakārī).
250 _a[1. saṃskaraṇa]
260 _aPrayāga,
_bBhāratīya Hindī Parishad
_c[1959- ;
_bv.
_c1, 1962]
300 _av.
_billus., geneal. tables, plates.
_c25 cm.
500 _aIn Hindi.
504 _aBibliographical footnotes.
505 1 _a1. Bhūmikā. -- 2. Prāraṃbha se san 1850 Ē. taka. -- 3. San 1850 Ē. ke bāda.
650 0 _aHindi literature
_xHistory and criticism.
700 1 _aVarmā, Vrajeśvara,
_d1913-
_ejoint ed.
999 _c74008
_d74008